000 00502nam a2200169 a 4500
001 000038195
003 DO-SdBNP
005 20250422191314.0
008 130321s2009 dr bd r 000 0 spa d
040 _aDO-SdBNP
_bspa
_cBNPHU
082 _axxxx
_bD614g
245 0 0 _aDistribución geográfica de grupos socioeconómicos, República Dominicana 2002.
260 _aSanto Domingo :
_bONE.,
_c2009.
300 _a152 p. :
_bmap., diagr. ;
_c29 cm.
590 _aInventariado, 2019/BT
942 _2ddc
_cLBS1
999 _c37685
_d37685